RESTRICTION ENDONUCLEASE ANALYSIS OF DNA FROM INDIAN ISOLATES OF BOVINE HERPESVIRUS 1

Bibliographic Details
Main Authors: Natarjan, C. (Author), Sreenivasa, B. P. (Author), Rasool, T. J. (Author)
Format: Article
Language:English

MARC

LEADER 00000nab a2200000ua 4500
001 vtls010796482
003 SK-MaSNL
005 20260304013303.0
008 230222s1996 xo |||||||||||||||||eng|
035 |a (urnnbn)urn:nbn:sk:snk:ar-a029d8 
035 |a (uuid)bf5f08f3-a1c1-42fc-963b-88e6e87902cf 
035 |a urn:nbn:sk:snk-ab4ia7 
040 |a SNKBUCL  |b slo  |c SNKBUCL  |e AACR2 
041 0 |a eng 
044 |a xo  |c SK 
100 1 |a Natarjan, C.  |4 aut  |9 1294088 
245 1 0 |a RESTRICTION ENDONUCLEASE ANALYSIS OF DNA FROM INDIAN ISOLATES OF BOVINE HERPESVIRUS 1  |c C. Natarjan, B. P. Sreenivasa, T. J. Rasool 
700 1 |a Sreenivasa, B. P.  |4 aut  |9 1294087 
700 1 |a Rasool, T. J.  |4 aut  |9 1294089 
773 0 |t Acta virologica  |g Roč. 40, č. 5 - 6 (1996), s. 315-318 
958 |a OND 
958 |a EUIPO 
958 |a article3 
999 |c 2575183  |d 2577113